Kỹ thuật sinh sản & nuôi cá chạch đồng : Misgurnus anguillicaudatus (Cantor, 1842)

Nội dung sách giới thiệu về đặc tính sinh học, sản xuất giống, kỹ thuật nuôi thương phẩm của cá chạch đồng. Các bệnh cá chạch đồng thường gặp và biện pháp phòng trị. Một số món ăn của cá chạch đồng....

Cur síos iomlán

Đã lưu trong:
Sonraí Bibleagrafaíochta
Príomhúdar: Nguyễn, Chung
Formáid: Leabhar
Teanga:Undetermined
Foilsithe: Thành phố Hồ Chí Minh Nông nghiệp 2014
Ábhair:
Clibeanna: Cuir Clib Leis
Gan Chlibeanna, Bí ar an gcéad duine leis an taifead seo a chlibeáil!
Thư viện lưu trữ: Trung tâm Học liệu Trường Đại học Cần Thơ
LEADER 01012nam a2200229Ia 4500
001 CTU_212444
008 210402s9999 xx 000 0 und d
020 |c 38000 
082 |a 639.31 
082 |b Ch513 
100 |a Nguyễn, Chung 
245 0 |a Kỹ thuật sinh sản & nuôi cá chạch đồng : 
245 0 |b Misgurnus anguillicaudatus (Cantor, 1842) 
245 0 |c Nguyễn Chung 
260 |a Thành phố Hồ Chí Minh 
260 |b Nông nghiệp 
260 |c 2014 
520 |a Nội dung sách giới thiệu về đặc tính sinh học, sản xuất giống, kỹ thuật nuôi thương phẩm của cá chạch đồng. Các bệnh cá chạch đồng thường gặp và biện pháp phòng trị. Một số món ăn của cá chạch đồng. 
650 |a Fish-culture,Freshwater fishes 
650 |x Nuôi cá nước ngọt 
904 |i Qhieu 
980 |a Trung tâm Học liệu Trường Đại học Cần Thơ